Score 0/15 Timer 01:30
1 Play Today
Question Answer Wrong Answers
'Friends' Main Guy Characters Nathan Hayes
92%
Ross Geller
1.3%
Joey Tribbiani
1.3%
Chandler Bing
1.5%
Axis Powers Austria-Hungary
82.7%
Italy
4.3%
Germany
1.8%
Japan
10.4%
Major Rock Types Pugnacious
82.5%
Igneous
1.8%
Sedimentary
1.2%
Metamorphic
2.9%
The Three Stooges Shrimp
80.9%
Larry
1.2%
Curly
2.1%
Moe
1.8%
The Three Tenors Alonso Garcia
78%
Luciano Pavarotti
4.4%
Plácido Domingo
5.3%
José Carreras
8.6%
Japan's Big Three Automobile Manufacturers Subaru
69%
Nissan
15.3%
Toyota
2.7%
Honda
7.8%
The Three Musketeers Pathos
65.2%
Porthos
8.5%
Aramis
12.3%
Athos
7.4%
Major Abrahamic Religions Hinduism
58.6%
Christianity
14.1%
Judaism
3.6%
Islam
5.2%
'Harry Potter' Deathly Hallows Book of Wisdom
57.6%
Cloak of Invisibility
8.6%
Elder Wand
14.1%
Resurrection Stone
11.7%
'Sleeping Beauty' Good Fairies Gloria
52.9%
Flora
3.2%
Fauna
15%
Merryweather
24.9%
Batting Triple Crown Runs Scored
51%
Home Runs
10.3%
Batting Average
21.6%
Runs Batted In
14.3%
US Federal Holidays honoring individuals Lincoln Day
44.1%
Birthday of MLK, Jr.
9.1%
Washington's Birthday
10.3%
Columbus Day
9%
South African Capitals Johannesburg
41.8%
Cape Town
11.5%
Pretoria
10.1%
Bloemfontein
34.4%
Settlers of Catan Builds Farm
29%
Road
21%
Settlement
20.1%
City
23.8%
Official Languages of Luxembourg Dutch
23.7%
Luxembourgish
57.6%
German
5%
French
4.5%

You're not logged in!

Compare scores with friends on all Sporcle quizzes.
OR
Log In

Sporcle TV

Today on Sporcle TV


Watch our educational content, quiz creation guides, and fun videos on Sporcle TV.

Show Comments

Extras

Top Quizzes Today


Score Distribution

Paid Content

Your Account Isn't Verified!

In order to create a playlist on Sporcle, you need to verify the email address you used during registration. Go to your Sporcle Settings to finish the process.

Report this User

Report this user for behavior that violates our Community Guidelines.

Details: